=LDR 00000nam 2200000 4500 =001 INLIS000000000032971 =005 20130612134942 =008 ***********************************ind** =035 ##$$0010-061300000032971 =041 ##$$a ind =082 ##$$a 028.55 =090 ##$$a 028.55, Nel b =100 ##$$a Nelfia, Hasna =245 ##$$a Binatang Laut, Hasna Nelfia; Editor, Syerif Nurhakim =260 ##$$a 2009 $b Jakarta =300 ##$$a 32 hlm, Ilus, 28 cm =650 ##$$a Bacaan Kanak-Kanak =700 ##$$a Nurhakim, Syerif =850 ##$$a NBPNMAT